000 00706nam a2200277Ia 4500
005 20260324133502.0
008 008 260324s9999 xx 000 0 eng d
020 _a9780429223310
037 _aEBOOK
040 _aCRL
040 _beng
040 _cCRL
041 _2eng
041 _aeng
084 _qCRL
100 _aAndrzej Wieckowski; Constantinos G. Vayenas; Elena R. Savinova
_91193279
245 0 _aCatalysis and Electrocatalysis at Nanoparticle Surfaces
260 _bTaylor and Francis
260 _c2003
365 _a
365 _b680
856 _uhttp://www.taylorfrancis.com/books/9780429223310
942 _cEBOOK
999 _c1792347
_d1792347